Texas High School 6A/5A Football State Champions - Statistics

General Stats
  • This quiz has been taken 116 times
  • The average score is 19 of 66
Answer Stats
Hint Answer % Correct
2022 6A DI Duncanville
81%
1998 5A DI Duncanville
81%
2022 6A DII Desoto
74%
2016 6A DII Desoto
74%
2021 6A DI North Shore
61%
2019 6A DI North Shore
61%
2018 6A DI North Shore
61%
2015 6A DI North Shore
61%
2003 5A DI North Shore
61%
2021 6A DII Westlake
55%
2020 6A DI Westlake
55%
2019 6A DII Westlake
55%
1996 5A DII Westlake
55%
2017 6A DI Allen
51%
2014 6A DI Allen
51%
2013 5A DI Allen
51%
2012 5A DI Allen
51%
2008 5A DI Allen
51%
2011 5A DI Southlake Carroll
46%
2006 5A DI Southlake Carroll
46%
2005 5A DII Southlake Carroll
46%
2004 5A DII Southlake Carroll
46%
2002 5A DII Southlake Carroll
46%
2016 6A DI Lake Travis
39%
2020 6A DII Katy
35%
2015 6A DII Katy
35%
2012 5A DII Katy
35%
2008 5A DII Katy
35%
2007 5A DII Katy
35%
2003 5A DII Katy
35%
2000 5A DII Katy
35%
1997 5A DI Katy
35%
1994 5A DI Plano
29%
1991 5A DII Permian
25%
2014 6A DII Cedar Hill
20%
2013 5A DII Cedar Hill
20%
2006 5A DII Cedar Hill
20%
2018 6A DII Longview
14%
2010 5A DI Pearland
13%
1994 5A DII John Tyler
12%
2009 5A DI Trinity
12%
2007 5A DI Trinity
12%
2005 5A DI Trinity
12%
2010 5A DII Steele
10%
1999 5A DII Garland
7%
1996 5A DI Lewisville
7%
1993 5A DII Lewisville
7%
2002 5A DI Judson
6%
1995 5A DI Judson
6%
1993 5A DI Judson
6%
1992 5A DI Judson
6%
2001 5A DI Mesquite
6%
1997 5A DII Marcus
4%
2009 5A DII Abilene
3%
2004 5A DI Lee
3%
2000 5A DI Lee
3%
1999 5A DI Lee
3%
1998 5A DII Lee
3%
1995 5A DII Roosevelt
3%
1992 5A DII Temple
3%
2011 5A DII Dekaney
1%
2017 6A DII Fairbanks
1%
1991 5A DI Killeen
1%
2001 5A DII Lufkin
1%
1990 5A DI Marshall
1%
1990 5A DII Aldine
0%
No matching quizzes found
Score Distribution
Percent of People with Each Score
Percentile by Number Answered
Your Score History
You have not taken this quiz